书目信息 |
| 题名: |
计算技术习题集
|
|
| 作者: | 周振章 编 | |
| 分册: | ||
| 出版信息: | 大连 东北财经大学出版社 2009.01 |
|
| 页数: | 215页 | |
| 开本: | 21cm | |
| 丛书名: | ||
| 单 册: | ||
| 中图分类: | O121.5 | |
| 科图分类: | ||
| 主题词: | 珠算--zhu suan--习题 | |
| 电子资源: | ||
| ISBN: | 978-7-81122-547-1 | |
| 000 | 00765nam0 2200241 450 | |
| 001 | 012009156140 | |
| 005 | 20091006135631.25 | |
| 010 | @a978-7-81122-547-1@dCNY15.00 | |
| 100 | @a20091006d2009 em y0chiy0120 ea | |
| 101 | 0 | @achi |
| 102 | @aCN@b210000 | |
| 105 | @ay z 000yy | |
| 106 | @ar | |
| 200 | 1 | @a计算技术习题集@Aji suan ji shu xi ti ji@f周振章编@Fzhou zhen zhang bian |
| 205 | @a第3版 | |
| 210 | @a大连@c东北财经大学出版社@d2009.01 | |
| 215 | @a215页@d21cm | |
| 330 | @a本书包括:珠算技术加减简单计算题、长数字加减计算题、账表计算题、倒减计算题,还有一目多行加减计算题等。 | |
| 606 | 0 | @a珠算@Azhu suan@j习题 |
| 690 | @aO121.5@v4 | |
| 701 | 0 | @a周振章@Azhou zhen zhang@4编 |
| 801 | 0 | @aCN@bQSSK@c20091006 |
| 905 | @b760627-29@dO121.5@eZ819@f3 | |
| 计算技术习题集/周振章编.-第3版.-大连:东北财经大学出版社,2009.01 |
| 215页;21cm |
| ISBN 978-7-81122-547-1:CNY15.00 |
| 本书包括:珠算技术加减简单计算题、长数字加减计算题、账表计算题、倒减计算题,还有一目多行加减计算题等。 |
| ● |
| 相关链接 |
|
|
|
正题名:计算技术习题集
索取号:O121.5/Z819
 
预约/预借
| 序号 | 登录号 | 条形码 | 馆藏地/架位号 | 状态 | 备注 |
| 1 | 760627 | 207606278 | 期刊室512/401自科库 105排8列6层/ [索取号:O121.5/Z819] | 在馆 | |
| 2 | 760628 | 207606287 | 自科库401/401自科库 105排8列6层/ [索取号:O121.5/Z819] | 在馆 | |
| 3 | 760629 | 207606296 | 期刊室512/401自科库 105排8列6层/ [索取号:O121.5/Z819] | 在馆 |